<?xml version="1.0" encoding="UTF-8"?>
<marc:record xmlns:marc="http://www.loc.gov/MARC21/slim">
   <marc:leader>00000nam a2200000 a 4500</marc:leader>
   <marc:datafield ind1="1" ind2=" " tag="100">
      <marc:subfield code="a">Angel, Frauke</marc:subfield>
      <marc:subfield code="4">aut</marc:subfield>
      <marc:subfield code="e">Verfasser/-in</marc:subfield>
   </marc:datafield>
   <marc:datafield ind1="0" ind2="0" tag="245">
      <marc:subfield code="a">Das tut weh und ist schön</marc:subfield>
   </marc:datafield>
   <marc:datafield ind1="0" ind2="0" tag="245">
      <marc:subfield code="c">Frauke Angel</marc:subfield>
   </marc:datafield>
   <marc:datafield ind1=" " ind2="1" tag="264">
      <marc:subfield code="a">Wien</marc:subfield>
      <marc:subfield code="b">Jungbrunnen</marc:subfield>
      <marc:subfield code="c">2020</marc:subfield>
   </marc:datafield>
   <marc:datafield ind1=" " ind2=" " tag="250">
      <marc:subfield code="a">1. Auflage</marc:subfield>
   </marc:datafield>
   <marc:datafield ind1="1" ind2=" " tag="520">
      <marc:subfield code="a">Das Schicksal bringt Richard und Hedi zusammen: Ihre Mütter liegen im Krankenhaus im gleichen Zimmer, beide mit Brustkrebs. Aus Hedis Perspektive wird die Anfangszeit beschrieben, das Erkennen der Veränderung, die Unsicherheit bis zur Diagnose, die erste Therapie.Richard erzählt von der vielen Zeit, die er im Krankenhaus verbringt, von seiner Überlebensstrategie, seinen Ängsten und Schwierigkeiten. Seine Mutter ist schon seit drei Jahren krank und wird nicht mehr gesund werden. Bis er Hedi kennenlernt, ist Richard überzeugt, dass er die Dinge allein bewältigen muss, dabei wächst ihm trotz der Hilfe von Ärzten, Schwestern und Sozialarbeitern schon seit geraumer Zeit alles über den Kopf. Mit Hedi und ihrer Mutter tut sich ein kleines Netz von Menschen auf, die Richard Verantwortung abnehmen und ihn wieder Kind sein lassen.</marc:subfield>
   </marc:datafield>
   <marc:datafield ind1=" " ind2=" " tag="020">
      <marc:subfield code="a">9783702659417</marc:subfield>
      <marc:subfield code="9">9783702659417</marc:subfield>
   </marc:datafield>
   <marc:datafield ind1=" " ind2=" " tag="020">
      <marc:subfield code="a">3702659412</marc:subfield>
      <marc:subfield code="9">3702659412</marc:subfield>
   </marc:datafield>
   <marc:datafield ind1=" " ind2=" " tag="041">
      <marc:subfield code="a">ger</marc:subfield>
   </marc:datafield>
   <marc:datafield ind1=" " ind2=" " tag="300">
      <marc:subfield code="a">167 Seiten</marc:subfield>
   </marc:datafield>
</marc:record>
